Normal view
MARC view
Entry Topical Term
001 - CONTROL NUMBER
- control field: 28076
003 - CONTROL NUMBER IDENTIFIER
- control field: ARRUPE
005 - DATE AND TIME OF LATEST TRANSACTION
- control field: 20161215084303.0
008 - FIXED-LENGTH DATA ELEMENTS
- fixed length control field: 161215|| aca||aabn | a|a d
040 ## - CATALOGING SOURCE
- Original cataloging agency: ARRUPE
- Transcribing agency: ARRUPE
150 ## - HEADING--TOPICAL TERM
- Topical term or geographic name as entry element: Bible N.T. Epistles of John
- General subdivision: Commentaries
670 ## - SOURCE DATA FOUND
- Source citation: Work cat.: (ARRUPE)25026: Brown, Raymond E 28038, The Epistles of John